LEADER 01210nam a2200265 4500 001 000000356218 003 CaOOAMICUS 005 20231128112638.0 008 231128s2014 it 000 u ita r 020 $a978-88-6409-292-8 040 $aSeMil$bita 100 1 $aStrumia, Alberto,$c.$0(OLS)http://semarc/name/3760 245 10$aScienza e teologia a confronto :$baspetti epistemologici e fondazionali /$cAlberto Strumia. 264 1$aVerona :$bFede & cultura,$c2014. 300 $a227 p. ;$c24 cm 490 1 $aTeologia ecclesiale. Strumenti ;$v12/6 650 4$aTeologia e scienze.$0(OLS)http://semarc/subject/5370 650 4$aScienza e fede.$0(OLS)http://semarc/subject/1693 830 0$aTeologia ecclesiale. Strumenti ;$v12/6.$0(OLS)http://semarc/title/446474 850 $aSeMil 852 $aSeMil$W1$xVenegono$y1$m3X IV 189$j244783$B247400$CSeMilBibl$Z2$F247400 $81 996 $6020$a978-88-6409-292-8$9(OLS)http://semarc/number/299357 996 $6245$aScienza e teologia a confronto :$baspetti epistemologici e fondazionali$9(OLS)http://semarc/title/446473 996 $6264$aVerona :$bFede & cultura$9(OLS)http://semarc/publisher/34752 LEADER 01541nam a2200325 i 4500 001 000000364686 003 CaOOAMICUS 005 20251014090042.0 008 251014s2025 fr u000 u fre u 040 $aSeMil$bita 041 1 $afre$agrc 100 0 $aOrigenes,$d.$0(OLS)http://semarc/name/467 240 10$aDe oratione.$0(OLS)http://semarc/title/443879 245 10$aTraité sur la prière /$cOrigène ; introduction, texte critique, traduction et notes Daniel Vigne. 264 1$aParis :$bLes Éditions du Cerf,$c2025. 300 $a2 v. ;$c21 cm 490 1 $aSources Chrétiennes ;$v650-651 504 $aBibliographie, p. [325]-387 (vol. 1) 546 $aTesto in greco antico e traduzione francese 650 4$aPreghiera - Concezione patristica.$0(OLS)http://semarc/subject/6602 650 4$aChiesa primitiva e delle origini - Preghiera.$0(OLS)http://semarc/subject/7038 700 1 $aVigne, Daniel,$d<1954- >.$0(OLS)http://semarc/name/18941 774 0 $t1: 1-17.$dParis : Les Éditions du Cerf, 2025.$kSources chrétiennes$z978-2-204-16258-6$w()364687 774 0 $t2: 18-34.$dParis : Les Éditions du Cerf, 2025.$kSources chrétiennes$z978-2-204-16259-3$w()364688 830 0$aSources chrétiennes ;$v650-651.$0(OLS)http://semarc/title/72 900 1 $aOrigene. 996 $6245$aTraité sur la prière$9(OLS)http://semarc/title/456124 996 $6264$aParis :$bLes Éditions du Cerf$9(OLS)http://semarc/publisher/29611